<?xml version="1.0" encoding="UTF-8"?>
<collection xmlns:xsi="http://www.w3.org/2001/XMLSchema-instance" xsi:schemaLocation="http://www.loc.gov/MARC21/slim http://www.loc.gov/standards/marcxml/schema/MARC21slim.xsd" xmlns="http://www.loc.gov/MARC21/slim">
 <record>
  <leader>00000cam a22000004i 4500</leader>
  <controlfield tag="001">UP-1685594773861402616</controlfield>
  <controlfield tag="003">Buklod</controlfield>
  <controlfield tag="005">20240425163424.0</controlfield>
  <controlfield tag="006">i|||||||||||||| | </controlfield>
  <controlfield tag="007">ta</controlfield>
  <controlfield tag="008">151128s2003    enka    rb   |001 0|eng d</controlfield>
  <datafield tag="020" ind1=" " ind2=" ">
   <subfield code="a">0761964363</subfield>
  </datafield>
  <datafield tag="035" ind1=" " ind2=" ">
   <subfield code="a">(iLib)UPBAG-00000023218</subfield>
  </datafield>
  <datafield tag="037" ind1=" " ind2=" ">
   <subfield code="a">GRC-2050</subfield>
   <subfield code="c">Php2,866.36</subfield>
  </datafield>
  <datafield tag="040" ind1=" " ind2=" ">
   <subfield code="a">DLC</subfield>
   <subfield code="d">BAG</subfield>
   <subfield code="e">rda</subfield>
  </datafield>
  <datafield tag="041" ind1="0" ind2=" ">
   <subfield code="a">eng</subfield>
  </datafield>
  <datafield tag="090" ind1=" " ind2="0">
   <subfield code="a">HD 30.28</subfield>
   <subfield code="b">I54 2003</subfield>
  </datafield>
  <datafield tag="245" ind1="0" ind2="0">
   <subfield code="a">Innovative forms of organizing</subfield>
   <subfield code="b">international perspectives</subfield>
   <subfield code="c">edited by Andrew M. Pettigrew and 6 others.</subfield>
  </datafield>
  <datafield tag="264" ind1=" " ind2="1">
   <subfield code="a">London</subfield>
   <subfield code="b">Sage Publications Ltd</subfield>
   <subfield code="c">2003.</subfield>
  </datafield>
  <datafield tag="300" ind1=" " ind2=" ">
   <subfield code="a">xiv, 411 pages</subfield>
   <subfield code="b">illustrations</subfield>
   <subfield code="c">25 cm.</subfield>
  </datafield>
  <datafield tag="504" ind1=" " ind2=" ">
   <subfield code="a">Includes bibliographical references (pages [375]-401) and index.</subfield>
  </datafield>
  <datafield tag="505" ind1="0" ind2="0">
   <subfield code="a">Innovative forms of organizing : trends in Europe, Japan and the USA in the 1990s / Andrew M. Pettigrew and Silvia Massini -- Challenge of organizing/strategizing / Richard Whittington and Leif Melin -- Leadership : the role of interactive strategizing / Leona Achtenhagen ... [et al.] -- Learning and continuous change in innovating organizations / Leona Achtenhagen, Leif Melin and Tomas Müllern -- Cognitive perspective on strategizing/ organizing / Marjolijn S. Dijksterhuis, Frans A.J. Van den Bosch and Henk W. Volberda -- Complementarities thinking / Richard Whittington and Andrew M. Pettigrew -- Complementarities in organizational innovation and performance : evidence from the INNFORM survey / Silvia Massini and Andrew M. Pettigrew -- Complementarities in action :organizational change and performance in BP and Unilever 1985-2002 / Andrew M. Pettigrew and Richard Whittington -- Complementary change : towards global integration in four professional service organizations / Evelyn M. Fenton and Andrew M. Pettigrew -- Managing dualities / Carlos J. Sánchez-Runde and Andrew M.Pettigrew -- People management dualities / Carlos J. Sánchez-Runde, Silvia Massini and Javier Quintanilla -- Convergence and divergence of organizing : moderating effect of nation state / Arie Y. Lewin|g... [et al.] -- Managing the homogeneity-heterogeneity duality / Leona Achtenhagen and Leif Melin -- Innovative forms of organizing : progress, performance and process / Andrew M. Pettigrew -- Co-producing knowledge and the challenges of international collaborative research / Andrew M. Pettigre</subfield>
  </datafield>
  <datafield tag="650" ind1=" " ind2="0">
   <subfield code="a">Strategic plannin.</subfield>
  </datafield>
  <datafield tag="650" ind1=" " ind2="0">
   <subfield code="a">Industrial organizatio.</subfield>
  </datafield>
  <datafield tag="650" ind1=" " ind2="0">
   <subfield code="a">Organizational chang.</subfield>
  </datafield>
  <datafield tag="650" ind1=" " ind2="0">
   <subfield code="a">Organizational learnin.</subfield>
  </datafield>
  <datafield tag="650" ind1=" " ind2="0">
   <subfield code="a">Organizational effectivenes.</subfield>
  </datafield>
  <datafield tag="700" ind1="1" ind2=" ">
   <subfield code="a">Pettigrew, Andrew M.</subfield>
   <subfield code="e">autho.</subfield>
  </datafield>
  <datafield tag="852" ind1="0" ind2=" ">
   <subfield code="a">UPBAG</subfield>
   <subfield code="b">GRC</subfield>
   <subfield code="h">HD 30.28 I54 2003</subfield>
  </datafield>
  <datafield tag="942" ind1=" " ind2=" ">
   <subfield code="a">Book</subfield>
  </datafield>
 </record>
</collection>
